Transformación digital y administración del conocimiento para directores : introducción a las tecnologías de la información /

Guardat en:
Dades bibliogràfiques
Autor principal: Trejo Medina, Daniel (autor)
Format: Llibre
Idioma:espanyol
Publicat: México : Didac, 2021, c2021
Matèries:
Accés en línia:Ver documento en línea
Etiquetes: Afegir etiqueta
Sense etiquetes, Sigues el primer a etiquetar aquest registre!

MARC

LEADER 00000nam^a2200000^a^4500
001 000431747
005 20251023000000.0
009 20260310122957.919
020 |a 978-1-005-71872-5 
037 |a Acervo ITESO - Biblioteca 
041 |a ESP 
082 |a 614. 581  |b TRE 
100 |a Trejo Medina, Daniel  |e (autor) 
245 1 0 |a Transformación digital y administración del conocimiento para directores :  |b introducción a las tecnologías de la información /  |c D. Trejo Medina. 
264 4 |a México :  |b Didac,  |c 2021, c2021 
264 2 |a Cartagena, España :  |b Odilo [distribución],  |c 2021 
300 |a 1 libro electrónico en línea (1 v. sin paginación) 
300 |a 1 recurso en línea 
336 |a datos para computadora  |b cod  |2 rdacontenido 
337 |a computadora  |b c  |2 rdamedio 
338 |a recurso en línea  |b cr  |2 rdasoporte 
506 1 |a 1 licencia 
521 |a Odilo 2021 DIA 
649 |a XX 
650 |a Empresas -  |x Administración 
650 |a COVID-19 -  |x Tema Principal 
650 |a Coronavirus (Familia) 
650 |a Virus 
650 |a Enfermedades Virales 
650 |a Enfermedades Infecciosas 
650 |a Cuarentena 
650 |a Distanciamiento Social 
650 |a Pandemias 
650 |a Epidemias 
650 |a Crisis Económica 
650 |a Cambio y Desarrollo Organizacional -  |x Aspectos Tecnológicos -  |x Tema Principal 
650 |a Cambios Sociales y Culturales 
650 |a Conocimiento -  |x Administración -  |x Tema Principal 
650 |a Internet -  |x Función Social 
650 |a Tecnologías de Comunicación e Información -  |x Función Social 
650 |a Liderazgo 
650 |a Proceso Administrativo -  |x Dirección 
650 |a Economía 
650 |a Políticas Públicas 
650 |a Administración Pública 
650 |a Ciencias Sociales 
856 4 0 |u https://iteso-odilotk-es.ezproxy.iteso.mx/info/02101755  |y Ver documento en línea 
910 |a Fondo General 
920 |a Electrónicos - Libros en Línea 
930 |a Plataforma Digital 
905 |a 205 
901 |a 431747-1  |b IT2  |c EBO  |u 20250521 
902 |a https://opac.biblio.iteso.mx/vufind/Record/000431747